Góp thêm ý kiến về khái niệm xã hội dân sự /
Guardat en:
| Autor principal: | |
|---|---|
| Format: | Article |
| Idioma: | Vietnamese |
| Matèries: | |
| Etiquetes: |
Afegir etiqueta
Sense etiquetes, Sigues el primer a etiquetar aquest registre!
|
| Thư viện lưu trữ: | Thư viện Trường Đại học Đà Lạt |
|---|
| LEADER | 00703nam a2200229 4500 | ||
|---|---|---|---|
| 001 | DLU160178103 | ||
| 005 | ##20161212 | ||
| 040 | # | # | |a DLU |b vie |
| 041 | # | # | |a vie |
| 044 | # | # | |a vn |
| 100 | # | # | |a Nguyễn Hữu Đổng. |
| 245 | # | # | |a Góp thêm ý kiến về khái niệm xã hội dân sự / |c Nguyễn Hữu Đổng. |
| 653 | # | # | |a Xã hội dân sự |
| 773 | # | # | |t Tạp chí Khoa học xã hội Việt Nam |g Số 8(105), 2016, tr. 91-95 |
| 920 | # | # | |a Phòng Tạp chí -- Trung tâm Thông tin - Thư viện Trường Đại học Đà Lạt |
| 900 | # | # | |a True |
| 911 | # | # | |a Hoàng Thị Huyền |
| 925 | # | # | |a G |
| 926 | # | # | |a A |
| 927 | # | # | |a BB |
| 980 | # | # | |a Thư viện Trường Đại học Đà Lạt |